Double landlocked countries, and landlocked countries by one/two countries - Statistics

General Stats
  • This quiz has been taken 245 times
  • The average score is 8 of 12
Answer Stats
Hint Answer % Correct
Landlocked by one country Lesotho
82%
Landlocked by two countries Liechtenstein
77%
Double landlocked country Liechtenstein
77%
Landlocked by one country San Marino
74%
Landlocked by two countries Swaziland
72%
Landlocked by two countries Andorra
70%
Double landlocked country Uzbekistan
70%
Landlocked by one country Vatican City
69%
Landlocked by two countries Mongolia
61%
Landlocked by two countries Nepal
56%
Landlocked by two countries Bhutan
55%
Landlocked by two countries Moldova
37%
No matching quizzes found
Score Distribution
Percent of People with Each Score
Percentile by Number Answered
Your Score History
You have not taken this quiz